00373nam a2200157Ia 4500008004000000041000800040082001100048100001900059245003500078260005100113650000700164650001000171650001400181650001200195650000800207210210b1959 xxu||||| |||| 00| 0 eng d aeng a331/26 aCHANDLER (L V) aEconomics of money and banking aNew YorkbHarper & Brothers Publishers.,c1959 aof amoney aEconomics abanking aand